00942cam a22002531 450000100060000000300080000600500170001400800390003103500190007004000360008904100080012508200230013324500820015626000530023830000350029150400390032665000290036565000300039470000430042470000520046794200120051999900170053195201400054813371BD-RjUL20211208235438.0140201s1964 onca b 001 0 eng a(BD-RjUL)13422 aDLC/ICUcICUdDLCdBD-RjULbeng aeng00a669.1082bASP 196410aAspects of modern ferrous metallurgy,cedited by J.S. Kirkaldy and R.G. Ward. aToronto :bUniversity of Toronto Press ,cc1964. avi, 356 p. :billus. ;c24 cm. aIncludes bibliographies and index. 0aIronxMetallurgy.941669 0aSteelxMetallurgy.9416701 aKirkaldy, J. S.q(John Samuel),9416711 aWard, R. G.q(Robert George),ejoint ed.941672 2ddccBK c13371d13371 00102ddc40718NFICaRUCLbRUCLcReadingd1966-06-30eAsia foundationl0o669.1082 ASP 1964r2014-02-01 00:00:00tC-1w2014-02-01yBK